Kronstadt und das Burzenland
| Titel: | Kronstadt und das Burzenland : Beiträge von Studium Transylvanicum zur Geschichte und Kultur Siebenbürgens / Arbeitskreis für Siebenbürgische Landeskunde. Hrsg. von Bernhard Heigl ; Thomas Şindilariu |
|---|---|
| Beteiligt: | ; ; |
| Veröffentlicht: | Kronstadt : Aldus-Verl. [u.a.], 2011 |
| Umfang: | 296 S. : Ill., graph. Darst. ; 23 cm |
| Format: | Buch |
| Sprache: | Deutsch |
| Schriftenreihe/ mehrbändiges Werk: |
Veröffentlichungen von Studium Transylvanicum |
| ISBN: | 9783929848915 ; 9789737822666 |
| Hinweise zum Inhalt: |
Inhaltsverzeichnis
|
alg: 28495082
001A $06000:08-12-11
001B $01999:13-12-25 $t08:11:24.000
001C $03004:18-04-17 $t10:01:48.000
001D $06000:22-12-11
001U $0utf8
001X $00
002@ $0Aaxaf
003@ $0284950823
004A $A978-3-929848-91-5 $f(AKSL) kart. : EUR 14.90 (DE), EUR 15.10 (AT)
004A $A978-973-7822-66-6 $f(Aldus) kart.
004K $09783929848915
006G $01014993725
006H $0TOCIMA1149 $2DNB
006T $011,N37
006U $011,B51 $f20110906
007A $01014993725 $aDNB
007G $0DE02032AB0B8DE0D42735C1258107003BFDF7
009P $qapplication/pdf $A2 $3Inhaltsverzeichnis $uhttp://scans.hebis.de/HEBCGI/show.pl?28495082_toc.pdf $mV:DE-603;B:DE-Mb50
010@ $ager
011@ $a2011
017A $asf
021A $aKronstadt und das Burzenland $dBeiträge von Studium Transylvanicum zur Geschichte und Kultur Siebenbürgens $hArbeitskreis für Siebenbürgische Landeskunde. Hrsg. von Bernhard Heigl ; Thomas Şindilariu
028C $BHrsg. $7 $8Heigl, Bernhard [Tnd] $9222362219
028C/01 $BHrsg. $7 $8Şindilariu, Thomas [Tnd] $9218755716
028C/02 $BHrsg. $712365632X $8Volkmer, Gerald$Z1974- [Tp1] $9154514942
033A $pKronstadt $nAldus-Verl. {[u.a.]
034D $a296 S.
034I $a23 cm
034M $aIll., graph. Darst.
036G $aVeröffentlichungen von Studium Transylvanicum
044K $RRumänien $#Siebenbürgen $#Siebenbürgen $#Fürstentum Siebenbürgen $#Transsilvanien $#Transsylvanien $#Transilvania $#Transylvania $#Ardeal $#Erdély $#Siedmiogród $#Sedmohradsko $#Sedmihradsko $74054835-1 $8Siebenbürgen [Tg1] $9085152552
044K $RKronstadt $ROraşul Stalin $#Kronstadt (Siebenbürgen) $#Kronstadt Braşov $#Brassó Braşov $#Kronstadt $#Brassó $7116916-6 $8Braşov [Tg1] $9040677222
044K $#Tara Bîrsei $#Barcaság $74088726-1 $8Burzenland [Tg1] $9085248916
045E $c940
045F $a949.84 $eDDC22ger
045F/01 $a949.8
045F/03 $g4984
045R $aGeschichte
lok: 28495082 24
exp: 28495082 24 1 #EPN
201B/01 $018-04-17 $t10:01:48.000
201C/01 $018-04-17
201U/01 $0utf8
203@/01 $0805230238
208@/01 $a18-04-17 $bz
209A/01 $a17.01597 $du $f050 $h17 01597 $x00
209C/01 $a17.01597 G $h17 01597 G
209G/01 $a73738628 $x00
220C/01 $ahae
247C/01 $8358050-7 Marburg, Bibliothek des Herder-Instituts Marburg $9102600961
| LEADER | 00000cam a22000002c 4500 | ||
|---|---|---|---|
| 001 | 284950823 | ||
| 003 | DE-603 | ||
| 005 | 20251213081124.0 | ||
| 007 | tu | ||
| 008 | 111208s2011 xx |||| | u00||u|ger | ||
| 015 | |a 11,B51 |z 11,N37 |2 dnb | ||
| 016 | 7 | |2 DE-101 |a 1014993725 | |
| 020 | |a 9783929848915 |c (AKSL) kart. : EUR 14.90 (DE), EUR 15.10 (AT) | ||
| 020 | |a 9789737822666 |c (Aldus) kart. | ||
| 024 | 3 | |a 9783929848915 | |
| 035 | |a (DE-599)DNB1014993725 | ||
| 040 | |a DE-603 |b ger |c DE-603 |d DE-603 | ||
| 041 | |a ger | ||
| 082 | 0 | 4 | |8 1\u |a 949.84 |q DE-101 |2 22/ger |
| 084 | |a 940 |q DE-101 |2 sdnb | ||
| 085 | |8 1\u |b 949.8 | ||
| 085 | |8 1\u |z 2 |s 4984 | ||
| 090 | |a b | ||
| 245 | 0 | 0 | |a Kronstadt und das Burzenland |b Beiträge von Studium Transylvanicum zur Geschichte und Kultur Siebenbürgens |c Arbeitskreis für Siebenbürgische Landeskunde. Hrsg. von Bernhard Heigl ; Thomas Şindilariu |
| 264 | 1 | |a Kronstadt |b Aldus-Verl. [u.a.] |c 2011 | |
| 300 | |a 296 S. |b Ill., graph. Darst. |c 23 cm | ||
| 490 | 0 | |a Veröffentlichungen von Studium Transylvanicum | |
| 648 | 7 | |a Geschichte |2 gnd | |
| 651 | 7 | |a Siebenbürgen |0 (DE-588)4054835-1 |0 (DE-603)085152552 |2 gnd | |
| 651 | 7 | |a Braşov |0 (DE-588)116916-6 |0 (DE-603)040677222 |2 gnd | |
| 651 | 7 | |a Burzenland |0 (DE-588)4088726-1 |0 (DE-603)085248916 |2 gnd | |
| 700 | 1 | |a Heigl, Bernhard |e Hrsg. |4 edt |0 (DE-603)222362219 | |
| 700 | 1 | |a Şindilariu, Thomas |e Hrsg. |4 edt |0 (DE-603)218755716 | |
| 700 | 1 | |a Volkmer, Gerald |d 1974- |e Hrsg. |4 edt |0 (DE-603)154514942 |0 (DE-588)12365632X |2 gnd | |
| 856 | 4 | 2 | |m V:DE-603;B:DE-Mb50 |q application/pdf |u http://scans.hebis.de/HEBCGI/show.pl?28495082_toc.pdf |3 Inhaltsverzeichnis |
| 924 | 0 | |9 Mb 50 |a (DE-603)805230238 |b DE-Mb50 |c HES |d c |g 17.01597 | |


